| 000 | 00351nam a2200145Ia 4500 | ||
|---|---|---|---|
| 008 | 230312s9999||||xx |||||||||||||| ||und|| | ||
| 020 | _a81-8448-925-5 | ||
| 082 |
_a615 _bBHA-S |
||
| 100 | _aBhat;Sriram | ||
| 245 | 0 | _aSRB's Clinical Methods in Surgery | |
| 260 |
_bJaypee _aIndia _c2010 |
||
| 300 | _a718 | ||
| 650 |
_aMedical _vSurgery |
||
| 942 | _cBK | ||
| 999 |
_c10125 _d10125 |
||